01603nam a22003374a 4500001001200000003000800012006001900020007001500039008004100054010001700095020001800112020002800130040002100158035002100179050002400200082001700224245013600241260006900377300002400446500019800470504004100668533015200709650002700861655002900888700002000917700002600937710001700963710014000980856012601120999001901246ebr10173492CaPaEBRm u cr cn|||||||||011010s2002 enka sb 000 0 eng  z 2001052566 z9780851998800 z0851996000 (alk. paper) aCaPaEBRcCaPaEBR a(OCoLC)22816810014aS540.A2bA33 2002eb04a630/.7/222100aAgricultural research policy in an era of privatizationh[electronic resource] /cedited by Derek Byerlee and Ruben G. Echeverr?ia. aWallingford, Oxon, UK ;aNew York, NY, USA :bCABI Pub.,cc2002. axix, 300 p. :bill. aBased on papers from a symposium held in conjunction with the 24th Conference of the International Association of Agricultural Economists, in Berlin, Aug. 12-19, 2000. With additional material. aIncludes bibliographical references. aElectronic reproduction.bPalo Alto, Calif. :cebrary,d2013.nAvailable via World Wide Web.nAccess may be limited to ebrary affiliated libraries. 0aAgriculturexResearch. 7aElectronic books.2local1 aByerlee, Derek.1 aEcheverr?ia, Ruben G.2 aebrary, Inc.2 aInternational Association of Agricultural Economists.bConferenced(1996 :cWageningen, Netherlands)n(24th :d2000 :cBerlin, Germany)40uhttp://site.ebrary.com/lib/rucke/Doc?id=10173492zAn electronic book accessible through the World Wide Web; click to view c137977d137977